000 00175nam a2200073Ia 4500
008 170617s9999 xx 000 0 und d
100 _aParimoo-P
245 0 _aPharmaceutical Analysis
260 _bMumbai-Source
999 _c14815
_d14815